Macroeconomics / (Record no. 14785)
[ view plain ]
| 000 -LEADER | |
|---|---|
| fixed length control field | 01078cam a2200313 a 4500 |
| 001 - CONTROL NUMBER | |
| control field | 15208807 |
| 005 - DATE AND TIME OF LATEST TRANSACTION | |
| control field | 20161129113128.0 |
| 008 - FIXED-LENGTH DATA ELEMENTS--GENERAL INFORMATION | |
| fixed length control field | 080306s2009 maua 001 0 eng |
| 010 ## - LIBRARY OF CONGRESS CONTROL NUMBER | |
| LC control number | 2008010540 |
| 020 ## - INTERNATIONAL STANDARD BOOK NUMBER | |
| International Standard Book Number | 0073362468 |
| 020 ## - INTERNATIONAL STANDARD BOOK NUMBER | |
| International Standard Book Number | 9780073362465 |
| 020 ## - INTERNATIONAL STANDARD BOOK NUMBER | |
| International Standard Book Number | 0077344863 (Supplement) |
| 020 ## - INTERNATIONAL STANDARD BOOK NUMBER | |
| International Standard Book Number | 9780077344863 (Supplement) |
| 040 ## - CATALOGING SOURCE | |
| Original cataloging agency | DLC |
| Transcribing agency | DLC |
| Modifying agency | DLC |
| 050 00 - LIBRARY OF CONGRESS CALL NUMBER | |
| Classification number | HB172.5 |
| Item number | .S554 2009 |
| 082 00 - DEWEY DECIMAL CLASSIFICATION NUMBER | |
| Classification number | 339 |
| Edition number | 22 |
| Item number | SLA |
| 100 1# - MAIN ENTRY--PERSONAL NAME | |
| 9 (RLIN) | 20594 |
| Personal name | Slavin, Stephen L. |
| 245 10 - TITLE STATEMENT | |
| Title | Macroeconomics / |
| Statement of responsibility, etc | Stephen L. Slavin. |
| 250 ## - EDITION STATEMENT | |
| Edition statement | 9th ed. |
| 260 ## - PUBLICATION, DISTRIBUTION, ETC. (IMPRINT) | |
| Place of publication, distribution, etc | Boston : |
| Name of publisher, distributor, etc | McGraw-Hill/Irwin, |
| Date of publication, distribution, etc | c2009. |
| 300 ## - PHYSICAL DESCRIPTION | |
| Extent | xxiii, 533 p. : |
| Other physical details | ill. ; |
| Dimensions | 28 cm. + |
| Accompanying material | 1 booklet (11p.) |
| 490 0# - Series Statement | |
| Series statement | The McGraw-Hill series economics |
| -- | 20595 |
| 500 ## - GENERAL NOTE | |
| General note | Includes index. |
| 500 ## - GENERAL NOTE | |
| General note | A supplement "Economy Update 2009" |
| 650 #0 - SUBJECT ADDED ENTRY--TOPICAL TERM | |
| Topical term or geographic name as entry element | Macroeconomics. |
| 9 (RLIN) | 20596 |
| 856 41 - ELECTRONIC LOCATION AND ACCESS | |
| Materials specified | Table of contents only |
| Uniform Resource Identifier | <a href="http://www.loc.gov/catdir/enhancements/fy0827/2008010540-t.html">http://www.loc.gov/catdir/enhancements/fy0827/2008010540-t.html</a> |
| 942 ## - ADDED ENTRY ELEMENTS (KOHA) | |
| Source of classification or shelving scheme | Dewey Decimal Classification |
| Item type | Book - Borrowing |
| Withdrawn status | Item status | Source of classification or shelving scheme | Damaged status | Not for loan | Vendor | Home library | Current library | Shelving location | Date acquired | Source of acquisition | Total Checkouts | Full call number | Barcode | Date last seen | Date last borrowed | Koha item type | Total Renewals | Cost, normal purchase price | Cost, replacement price |
|---|---|---|---|---|---|---|---|---|---|---|---|---|---|---|---|---|---|---|---|
| Dewey Decimal Classification | Baccah | Central Library | Central Library | First floor | 25/10/2010 | 2 | 339 SLA | 000021925 | 15/07/2025 | 09/01/2011 | NB - Book (Non borrowing) | ||||||||
| Dewey Decimal Classification | Baccah | Central Library | Central Library | First floor | 25/10/2010 | 10 | 339 SLA | 000021924 | 15/07/2025 | 21/12/2016 | Book - Borrowing | 8 | |||||||
| Dewey Decimal Classification | Baccah | Central Library | Central Library | First floor | 25/10/2010 | 3 | 339 SLA | 000021923 | 15/07/2025 | 09/01/2017 | Book - Borrowing | 10 | |||||||
| Dewey Decimal Classification | Central Library | Central Library | First floor | 08/11/2010 | 8 | 339 SLA | 000022565 | 15/07/2025 | 21/12/2016 | Book - Borrowing | 15 | 180.00 | 225.00 | ||||||
| Dewey Decimal Classification | Baccah | Central Library | Central Library | First floor | 08/11/2010 | 3 | 339 SLA | 000022566 | 15/07/2025 | 21/12/2016 | Book - Borrowing | 2 | |||||||
| Dewey Decimal Classification | Baccah | Central Library | Central Library | First floor | 08/11/2010 | 6 | 339 SLA | 000022567 | 15/07/2025 | 02/01/2017 | Book - Borrowing | 6 | |||||||
| Dewey Decimal Classification | Baccah | Central Library | Central Library | First floor | 08/11/2010 | 6 | 339 SLA | 000022564 | 15/07/2025 | 19/12/2016 | Book - Borrowing | 5 | |||||||
| Dewey Decimal Classification | Baccah | Central Library | Central Library | First floor | 08/11/2010 | 6 | 339 SLA | 000022563 | 15/07/2025 | 29/12/2016 | Book - Borrowing | 8 | |||||||
| Dewey Decimal Classification | Baccah | Central Library | Central Library | First floor | 08/11/2010 | 8 | 339 SLA | 000022562 | 15/07/2025 | 28/10/2018 | Book - Borrowing | 7 | |||||||
| Dewey Decimal Classification | Baccah | Central Library | Central Library | First floor | 08/11/2010 | 6 | 339 SLA | 000022561 | 15/07/2025 | 21/12/2016 | Book - Borrowing | 39 | |||||||
| Dewey Decimal Classification | Baccah | Central Library | Central Library | First floor | 21/11/2017 | Donation | 339 SLA | 000042276 | 15/07/2025 | Book - Borrowing |